ARRUPE JESUIT UNIVERSITY

CORONAVIRUS -STOP THE SPREAD - CLEAN,DISINFECT,COVER

Spain: Rise and decline, 1474-1643 (Record no. 123189)

MARC details
000 -LEADER
fixed length control field 00558nam a22001697a 4500
008 - FIXED-LENGTH DATA ELEMENTS--GENERAL INFORMATION
fixed length control field 150828b xxu||||| |||| 00| 0 eng d
020 ## - INTERNATIONAL STANDARD BOOK NUMBER
International Standard Book Number 9780713176285
050 ## - LIBRARY OF CONGRESS CALL NUMBER
Classification number DP161.K48
100 ## - MAIN ENTRY--PERSONAL NAME
Personal name Kilsby, Jill
9 (RLIN) 19171
245 ## - TITLE STATEMENT
Title Spain: Rise and decline, 1474-1643
Statement of responsibility, etc /by Jill Kilsby
260 ## - PUBLICATION, DISTRIBUTION, ETC. (IMPRINT)
Place of publication, distribution, etc London
Name of publisher, distributor, etc Edward Arnold
Date of publication, distribution, etc 1987
300 ## - PHYSICAL DESCRIPTION
Extent 108p. ;
Dimensions 22cm.
440 ## - SERIES STATEMENT/ADDED ENTRY--TITLE
Title Access to A-Level History
9 (RLIN) 19157
650 ## - SUBJECT ADDED ENTRY--TOPICAL TERM
Source of heading or term Spain
General subdivision History
-- Ferdinand and Isabella
9 (RLIN) 19172
650 ## - SUBJECT ADDED ENTRY--TOPICAL TERM
Source of heading or term Spain
General subdivision History
-- House of Austria
Chronological subdivision 1516-1700
9 (RLIN) 19173
942 ## - ADDED ENTRY ELEMENTS (KOHA)
Source of classification or shelving scheme Library of Congress Classification
Item type Monograph ( Printed materials)
Holdings
Withdrawn status Lost status Source of classification or shelving scheme Damaged status Not for loan Collection code Home library Current library Shelving location Date acquired Total Checkouts Full call number Barcode Date last seen Date last borrowed Price effective from Koha item type
    Library of Congress Classification     Main Collection ARRUPE LIBRARY ARRUPE LIBRARY Main Collection 28/08/2015 1 DP161.K48 46500004061 04/12/2017 11/04/2016 28/08/2015 Monograph ( Printed materials)

 

Arrupe Library. PO Box MP320 Mt Pleasant, Harare, Zimbabwe
263 242 745411|librarian@aju.ac.zw